Movies Quiz

Random Movies or James Bond Quiz

James Bond Movies Quiz Stats

 Plays Quiz not verified by Sporcle

Score 0/22 Timer 06:00
0 Plays Today
Year Movie % Correct
1962Dr. No
96.2%
1964Goldfinger
93.8%
2006Casino Royale
93.8%
1963From Russia With Love
89.2%
1979Moonraker
89.2%
1983Octopussy
88.5%
1995Goldeneye
88.5%
2008Quantum of Solace
85.4%
1974The Man with the Golden Gun
84.6%
1965Thunderball
83.8%
2002Die Another Day
83.8%
Year Movie % Correct
1969On Her Majesty's Secret Service
82.3%
1977The Spy Who Loved Me
82.3%
1989Licence to Kill
81.5%
1973Live and Let Die
80.8%
1997Tomorrow Never Dies
80.8%
1971Diamonds Are Forever
80%
1987The Living Daylights
80%
1985A View to a Kill
78.5%
1999The World is Not Enough
77.7%
1967You Only Live Twice
74.6%
1981For Your Eyes Only
61.5%

You're not logged in!

Compare scores with friends on all Sporcle quizzes.
OR
Log In

Show Comments

Extras

Top Quizzes Today


Score Distribution

Your Account Isn't Verified!

In order to create a playlist on Sporcle, you need to verify the email address you used during registration. Go to your Sporcle Settings to finish the process.

Report this User

Report this user for behavior that violates our Community Guidelines.

Details: